000
00312nam a2200145Ia 4500
005
20260330112750.0
008
260330s9999||||xx |||||||||||||| ||und||
020
_a
9681642709
041
_a
spa
245
0
_a
Cambios /
250
_a
1 ed.
260
_a
Mexico :
_b
Fce.
_c
1993
650
_a
CUENTO
942
_c
BKL
999
_c
3460
_d
3460